Metallic mineral resources map of the Unalakleet quadrangle, Alaska /

Bibliographic Details
Corporate Author: Geological Survey (U.S.)
Other Authors: Cobb, Edward H. (Edward Huntington), 1916-1983
Format: Government Document Map
Language:English
Published: Washington, D.C. : The Survey, 1972.
Subjects:

MARC

Tag First Indicator Second Indicator Subfields
LEADER 00000cem a2200000Ka 4500
001 in00002531663
005 20200725063854.0
007 aj aanzn
008 020809s1972 dcuagk a f 1 eng d
034 1 |a a  |b 250000  |d W1620000  |e W1590000  |f N0640000  |g N0630000 
035 |a (OCoLC)ocm50338652 
035 |a (OCoLC)50338652 
040 |a ALK  |c ALK  |d OCLCQ  |d OCLCG  |d TXA  |d UtOrBLW 
043 |a n-us-ak 
049 |a TXAM 
050 4 |a QE75  |b .M2 MF-427 
052 |a 4372  |b U53 
086 |a I 19.113:MF-427 
110 2 |a Geological Survey (U.S.) 
245 1 0 |a Metallic mineral resources map of the Unalakleet quadrangle, Alaska /  |c compiled by Edward H. Cobb ; Department of the Interior, United States Geological Survey. 
246 3 |a Unalakleet quadrangle, Alaska 
255 |a Scale 1:250,000  |c (W 162⁰--W 159⁰/N 64⁰--N 63⁰). 
264 1 |a Washington, D.C. :  |b The Survey,  |c 1972. 
300 |a 1 map. 
336 |a cartographic image  |b cri  |2 rdacontent 
337 |a unmediated  |b n  |2 rdamedia 
338 |a sheet  |b nb  |2 rdacarrier 
500 |a Miscellaneous field studies ; map MF-427 
500 |a Relief shown by contours and spot heights. Depth shown by isolines. 
500 |a Includes location index map and brief explanation of map units. 
500 |a "Base by U.S. Geological Survey, 1952." 
500 |a "Interior-Geological Survey, Washington, D.C.-1959-NS, MR 1650." 
504 |a Includes bibliographical reference. 
500 |a Cartographic material. 
650 0 |a Mines and mineral resources  |z Alaska  |z Unalakleet Region  |v Maps. 
650 0 |a Ore deposits  |z Alaska  |z Unalakleet Region  |v Maps. 
700 1 |a Cobb, Edward H.  |q (Edward Huntington),  |d 1916-1983. 
994 |a C0  |b TXA 
948 |a cataloged  |b h  |c 2009/11/16  |e rzeske  |f 09:31:38 am 
999 |a MARS 
999 f f |s d897cd13-78da-3233-811e-e4412af2f409  |i d5dbe4cc-be1d-39fd-a57a-fdfd630ec188  |t 0 
952 f f |p normal  |a Texas A&M University  |b College Station  |c Sterling C. Evans Library  |d Evans: Maps File (2nd floor)  |t 0  |e I 19.113:MF-427  |h Superintendent of Documents classification  |i unmediated -- sheet  |m A14838864998 
998 f f |a I 19.113:MF-427  |t 0  |l Evans: Maps File (2nd floor)